Biggest New Zealand Cities & Towns by letter - W - Statistics

General Stats
  • This quiz has been taken 185 times
    183 since last reset
  • The average score is 8 of 20
Answer Stats
Population Town/City % Correct
397,900 Wellington
99%
52,900 Whangarei
86%
39,400 Whanganui
82%
19,000 Whakatane
71%
4,500 Westport
59%
4,100 Whitianga
43%
7,300 Wanaka
40%
3,300 Warkworth
39%
3,500 Whangamata
38%
8,400 Wairoa
36%
4,500 Waihi
35%
4,000 Waipukurau
30%
10,600 Waikanae
26%
6,300 Waitara
26%
6,100 Waiuku
26%
2,100 Winton
24%
1,800 Waihi Beach
23%
2,800 Waimate
21%
2,600 Woodend
7%
2,000 Wakefield
6%
No matching quizzes found
Score Distribution
Percent of People with Each Score
Percentile by Number Answered
Your Score History
You have not taken this quiz since the last reset